000 00304 a2200145 4500
001 180586
020 _a
040 _cMagnum
100 _aLutzenberger, José
240 1 0 _aGaia o planeta vivo
_lpor
245 1 0 _aGaia o planeta vivo
362 0 _a1899
697 _aMAGNITO: ECOLOGIA
942 _cBK
999 _c180586
_d180586